Normal view
MARC view
- Wyss, Johann David,
Entry Nombre Personal
001 - NUMERO DE CONTROL
- campo de control: 34489
003 - IDENTIFICADOR DE NUMERO DE CONTROL
- campo de control: UPN
005 - FECHA Y HORA DE LA ÜLTIMA TRANSACCIÓN
- campo de control: 20210219194453.0
008 - DATOS DE LONGITUD FIJA
- campo de control de longitud fija: nabaccnnaabn|||||||||| b |nc|||||d
035 ## - NUMERO DE CONTROL
- Número de control: UPN11000006596
040 ## - FUENTE DE CATALOGACIÓN
- Lenguaje de catalogación: SPA
- Agencia de transcripción: UPN
053 #4 - NÚMERO DE CLASIFICACIÓN LC
- Número de clasificación elemento-número único o número inicial de tramo: PT2583 W9.7
100 1# - ENCABEZAMIENTO - NOMBRE PERSONAL
- Nombre personal: Wyss, Johann David,
- Fechas asociadas con el nombre: 1743-1818
670 ## - FUENTE EN LA QUE SE LOCALIZARON DATOS
- Cita de la fuente: T
- Uniform Resource Identifier: http://www.lecturalia.com/autor/10336/johann-david-wyss
680 ## - NOTA PUBLICA DE ACCESO PÚBLICO
- Frase explicativa de la referencia: Escritor suizo en lengua alemana, es conocido sobre todo por su novela El Robinson suizo
902 ## - CATALOGADOR
- Catalogador: MITM/301113
